LEADER 01022nam a2200229 i 4500 001 000000126888 003 CaOOAMICUS 005 20190308095127.0 008 040527s1969 gw u000 u lat u 013 $a99596 040 $aSeMil$bita 240 10$aQuaestiones Quodlibetales, à mendis expurgatae, Annotationibus marginalibus, Doctorumque celebriorum ante quamliber Quaestionem citationibus exornatae, Scholisque per textuminsertis illustratae : Tomus duodecimus.$0(OLS)http://semarc/title/187166 245 10$a12. 300 $a614 p. 700 1 $aDuns Scotus, Ioannes,$c.$0(OLS)http://semarc/name/109102 773 0 $aDuns Scotus, Ioannes $tOpera omnia.$bRistampa anastatica.$dHildesheim : Olms, 1968-1969.$g12$w()11698 850 $aSeMil 852 $aSeMil$W1$xVenegono$y1$m2N IV 16$j81232$B81232$CSeMilBibl$Z2$F83375 $81 900 1 $aDuns Scoto, Giovanni. 996 $6245$a12$9(OLS)http://semarc/title/74974 LEADER 00820nam a2200217 i 4500 001 000000227648 003 CaOOAMICUS 005 20140304000000.0 008 140304s1834 it u000 u fre u 013 $a206550 040 $aSeMil$bita 245 10$aControversistes. Tome 24. 250 $aNouvelle éd. 300 $a532 p. 500 $aFondo Bidoglio. 773 0 $aGuillon, Marie Nicolas Sylvestre <1760-1847>$tBibliothèque choisie des Pères de l'Eglise grecque et latine, ou Cours d'éloquence sacrée.$bNouvelle édition.$dParis : C. J. Albanel, 1834.$g24$w()23958 850 $aSeMil 852 $aSeMil$W1$xVenegono$y1$m1C III 24 FA$j177994$B177994$CSeMilBibl$Z2$F188855 $8I 941 1 $a2 961 $aLascito: Bidoglio don Maurizio 996 $6245$aControversistes. Tome 24$9(OLS)http://semarc/title/325781